| 000 | 012760000a22003010004500 | ||
|---|---|---|---|
| 001 | 20843 | ||
| 003 | CO-MdFUSB | ||
| 005 | 20190202100445.0 | ||
| 008 | 160915t2006 xxu||||f |||| 00| 0 eng d | ||
| 020 | _a0-687-35203-7 | ||
| 040 |
_aCO-MdFUSB _bEspañol _cCO-MdFUSB _dCO-MdFUSB |
||
| 041 | _aeng | ||
| 082 |
_224 _aG 269.2 _bT967s |
||
| 100 | 1 |
_aTuttle, Jr., Robert G. _eautor |
|
| 245 | 1 | 4 |
_aThe story of evangelism : _bA history of the witness to the gospel / _cRobert G. Tuttle, Jr. |
| 264 |
_aNashville, Tennessee : _bAbingdon Press, _c2006 |
||
| 300 | _axv, 435 páginas | ||
| 336 |
_2rdacontent _a1 _ba1 |
||
| 337 |
_2rdamedia _a2 _b5 |
||
| 338 |
_2rdacarrier _a2 _b5 |
||
| 501 | _aRústico | ||
| 505 | 0 | 0 | _aEn el principio - el evangelismo pre-cristiano - Evangelización en el Nuevo Testamento - La extensión - El descenso - Progresión y regresión - Exploración, explotación y reforma - Los conceptos de Evangelismo maduran gradualmente - Renacimiento y revolución - El cristianismo se convierte en una fuerza global - Vigor en medio de la tormenta - Cristo y la cultura - ¿Qué hemos aprendido? |
| 650 | 0 |
_aEvangelización _9362 |
|
| 653 | _aEvangelismo - historia | ||
| 653 | _aEvangelism -- history | ||
| 942 | _cBK | ||
| 999 |
_c47194 _d47194 |
||